LEADER 00549nab a2200145 i 4500 001 000000314617 003 CaOOAMICUS 005 20180831173134.0 008 180831n xx uu u0 0und r 013 $a23705 040 $aSeMil$bita 100 1 $aBiffi, Giacomo,$c.$0(OLS)http://semarc/name/4783 245 13$aIl IV congresso internazionale tomista. Roma, 13-17 settembre 1955. 773 0 $t[Gennaio-Dicembre].$g390-396$w()274247 996 $6245$aIl IV congresso internazionale tomista. Roma, 13-17 settembre 1955$9(OLS)http://semarc/title/388764 LEADER 01001nam a2200229 i 4500 001 000000228641 003 CaOOAMICUS 005 20140408000000.0 008 140408s1913 it u000 u lat u 013 $a207543 040 $aSeMil$bita 100 1 $aSmit, Johannes.$0(OLS)http://semarc/name/79087 245 13$aDe Daemoniacis in Historia Evangelica /$cdissertatio exegetico-apologetica quam exaravit Johannes Smit. 260 $aRomae :$bPontificii Instituti Biblici,$c1913. 300 $aXXII, 590 p. ;$c25 cm. 490 0 $aScripta Pontificii Instituti Biblici 650 4$aBibbia - Demonio.$0(OLS)http://semarc/subject/18789 830 0$aScripta Pontificii Instituti Biblici.$0(OLS)http://semarc/title/8108 850 $aSeMil 852 $aSeMil$W1$xVenegono$y1$m2Y V 86$j178987$B178987$CSeMilBibl$Z2$F190069 $81 996 $6245$aDe Daemoniacis in Historia Evangelica$9(OLS)http://semarc/title/327231 996 $6260$aRomae :$bPontificii Instituti Biblici$9(OLS)http://semarc/publisher/38177